000 01117nam a2200289 i 4500
003 DO-SdBNP
005 20250321073607.0
007 ta
008 230825e2022 dr a|||| |||| 00| j spa d
020 _a9789945222340
040 _aDO-SdBNP
_bspa
_cBNPHU
_erda
041 _hspa, eng, fr
082 4 _222
_bP192c
245 1 0 _aCuentos para vivir soñando. /
_cGabrielle Marie Paniagua Díaz; traducción al inglés, Margarita Dubocq; traducción al francés, Marie Forline; cuidado de la edición, Edwin Paniagua; prólogo,, Rafael Peralta Romero
264 1 _aSanto Domingo :
_bBúho,
_c2022
300 _a29 páginas :
_bIlustraciones ;
_c28 cm.
336 _2rdacontent
_atexto
_btxt
337 _2rdamedia
_asin medición
_bn
338 _2rdacarrier
_avolumen
_bnc
546 _aTexto con traducciones del español al inglés y francés.
590 _aInventariado 2023 / MF
700 1 _aDubocq, Margarita,
_etraductora
_984014
700 1 _aForline, Marie,
_etraductora
_984015
700 1 _aPaniagua, Edwin,
_912152
_etraductor
700 1 _aPeralta Romero, Rafael,
_d1948-
_eprólogo
_979774
942 _2ddc
_cLF2
999 _c54534
_d54534